Statystyki dla 25 najludniejszych miast w Brazylii

Kliknij tutaj aby rozwiązać quiz!

Ogólne statystyki

  • Ten quiz został rozwiązany 27 razy
  • Średni wynik to 9 z 25

Statystyki odpowiedzi

Nr.Liczba ludnościMiasto% Poprawnych
3.3,094,325Brasilia
100%
2.6,775,561Rio De Janeiro
100%
1.12,396,372Sao Paulo
95%
9.1,661,017Recife
82%
7.2,255,903Manaus
77%
4.2,900,319Salvador
77%
12.1,492,530Porto Alegre
73%
5.2,703,391Fortaleza
68%
6.2,530,701Belo Horizonte
64%
11.1,506,420Belem
50%
8.1,963,726Curitiba
50%
10.1,555,626Goiania
41%
20.896,708Natal
32%
15.1,115,932Sao Luis
18%
14.1,223,237Campinas
14%
25.737,310Sao Jose dos Campos
5%
19.916,001Campo Grande
0%
18.929,449Duque de Caxias
0%
13.1,404,694Guarulhos
0%
23.825,796Joao Pessoa
0%
17.1,031,597Maceio
0%
24.825,388Nova Iguacu
0%
22.849,874Sao Bernardo do Campo
0%
16.1,098,357Sao Goncalo
0%
21.871,126Teresina
0%

Rozkład punktacji

Percentyl według liczby udzielonych odpowiedzi

Procent ludzi z każdym wynikiem

Twoja historia wyników

Nie rozwiązałeś tego quizu